Biggest sources of immigrants to Wisconsin - Statistics

General Stats
  • This quiz has been taken 22 times
  • The average score is 8 of 10
Answer Stats
Hint Answer % Correct
84,033 Mexico
100%
15,903 China
95%
22,651 India
90%
6,437 Canada
85%
9,560 Germany
85%
4,877 United Kingdom
85%
4,308 Vietnam
85%
6,014 Korea
75%
9,280 Philippines
75%
4,078 Poland
65%
No matching quizzes found
Score Distribution
Percent of People with Each Score
Percentile by Number Answered
Your Score History
You have not taken this quiz